00626nam a2200193Ia 4500008004100000020001500041082001400056100002100070245002500091250000800116260004600124300002800170500001900198600002700217650005000244942000700294952011600301999001500417240925s9999 xx 000 0 und d a817808497X a005.1 SOM aSommerville, Ian 0aSoftware Engineering a6th aNew Delhi:bPearson Printice Hallc,2001. axix,716p.bNAfOriginal aIncludes Index aEngineering Technology aComputer science, information & general works cBK 001040708ETaUITUbUITUd2003-01-08eF.B.Cg700.00l0o005.1 SOMpQ5115r2024-09-25 07:13:44w2024-09-25yBK c7614d7614